000 01371cam a22003851 4500
001 4158
003 FISKH
005 20250331111547.0
008 811117s1966 nyua j 000 1 eng
010 _a 66018655
020 _a9780064440196
040 _aDLC
_cDLC
_dDLC
_dOCoLC
_dDLC
_beng
042 _alcac
050 _aPZ7.P219
082 _a813
100 1 _aParish, Peggy.
245 1 0 _aAmelia Bedelia and the surprise shower /
_cStory by Peggy Parish ; Pictures by Barbara Siebel Thomas based on the original drawings by Fritz Siebel
250 _aThis edition published in 1995
260 _aNew York :
_bHarper Collins,
_c1966
300 _a64 pages :
_bcolor illustrations ;
_c23 cm
490 0 _aAn I can read book
505 _aJ
520 _aWhile helping to prepare a surprise shower, Amelia Bedelia and her cousin make some arrangements that are not quite what the guests expected.
521 8 _a480
_bLexile
521 8 _aJ
_bRaz-Plus
600 0 0 _aAmelia-Bedelia
_c(Fictitious character)
_vJuvenile fiction.
650 0 _aShowers (Parties)
_xJuvenile fiction.
650 1 _aParties
_xFiction.
650 1 _aHumorous stories.
655 7 _aHumorous stories.
_2gsafd
700 _aThomas, Barbara Siebel
_eIllustrator
906 _a7
_bcbc
_corignew
_d1
_eocip
_f19
_gy-gencatlg
942 _2ddc
_cBK
_n0
999 _c4158
_d4158